000
00260nam a2200109 a 4500
005
20140412111327.0
008
110121s19uu xx 00 eng d
050
_a
ER
_b
Go59 1993
100
_a
Greve, Andreas
245
_a
The good night story.
999
_c
104686
_d
104686